000 00205nam a22000857a 4500
003 SGT
245 _aJAMMU & KASHMIR,KUTCH, MADHYA BHARAT, MADRAS
260 _aNAGPUR
_bALL INDIA REPORTER
_c1952
942 _2ddc
_cBV
999 _c17817
_d17817